सत्ता, मुद्दा और राजनीति / (Record no. 162702)
[ view plain ]
| 000 -LEADER | |
|---|---|
| fixed length control field | 01200nam a22002057a 4500 |
| 005 - DATE AND TIME OF LATEST TRANSACTION | |
| control field | 20200717125607.0 |
| 010 ## - LCCN (DPL NO) | |
| LC control number | 1819HN15 B-734086-090 |
| 020 ## - INTERNATIONAL STANDARD BOOK NUMBER | |
| Terms of availability | 300.00 |
| International Standard Book Number | 9788192518145 |
| 035 ## - SYSTEM CONTROL NUMBER | |
| System control number | B-734086-090 |
| 037 ## - SOURCE OF ACQUISITION | |
| Source of stock number/acquisition | राष्ट्रीय पुस्तक सदन |
| 082 ## - DEWEY DECIMAL CLASSIFICATION NUMBER | |
| Classification number | 320.0954 |
| 100 ## - MAIN ENTRY--PERSONAL NAME | |
| Personal name | मिश्र,भरत 'प्राची' |
| 245 ## - TITLE STATEMENT | |
| Title | सत्ता, मुद्दा और राजनीति / |
| Statement of responsibility, etc | भरत मिश्र 'प्राची' |
| 260 ## - PUBLICATION, DISTRIBUTION, ETC. (IMPRINT) | |
| Place of publication, distribution, etc | दिल्ली |
| Name of publisher, distributor, etc | राष्ट्रीय पुस्तक सदन |
| Date of publication, distribution, etc | 2020 |
| 270 ## - ADDRESS | |
| Address | 6/111, गली नं. 5, विश्वास नगर, शाहदरा, |
| City | दिल्ली |
| Postal code | 110032 |
| 300 ## - PHYSICAL DESCRIPTION | |
| Extent | 104पृ. |
| Dimensions | 22सेमी(सजिल्द) |
| 500 ## - GENERAL NOTE | |
| General note | AIRPORT |
| 942 ## - ADDED ENTRY ELEMENTS (KOHA) | |
| Source of classification or shelving scheme | Dewey Decimal Classification |
| Item type | Hindi Books |
| Call number suffix | मिश्रभ |
| Classification part | 320.0954 |
| Withdrawn status | Lost status | Not for loan | Collection code | Home library | Current library | Date acquired | Source of acquisition | Cost, normal purchase price | Full call number | Barcode | Copy number | Cost, replacement price | Koha item type | Public note |
|---|---|---|---|---|---|---|---|---|---|---|---|---|---|---|
| Non-fiction | Mobile Library | Mobile Library | 17/07/2020 | राष्ट्रीय पुस्तक सदन /205/04.03.2020/223/27.02.2020/11.03.2020 | 300.00 | 320.0954 मिश्रभ | B-734086 | 5 | 300.00 | Hindi Books | AAI(CSR) | |||
| Non-fiction | Mobile Library | Mobile Library | 17/07/2020 | राष्ट्रीय पुस्तक सदन /205/04.03.2020/223/27.02.2020/11.03.2020 | 300.00 | 320.0954 मिश्रभ | B-734087 | 5 | 300.00 | Hindi Books | AAI(CSR) | |||
| Non-fiction | Mobile Library | Mobile Library | 17/07/2020 | राष्ट्रीय पुस्तक सदन /205/04.03.2020/223/27.02.2020/11.03.2020 | 300.00 | 320.0954 मिश्रभ | B-734088 | 5 | 300.00 | Hindi Books | AAI(CSR) | |||
| Non-fiction | Mobile Library | Mobile Library | 17/07/2020 | राष्ट्रीय पुस्तक सदन /205/04.03.2020/223/27.02.2020/11.03.2020 | 300.00 | 320.0954 मिश्रभ | B-734089 | 5 | 300.00 | Hindi Books | AAI(CSR) | |||
| Non-fiction | Mobile Library | Mobile Library | 17/07/2020 | राष्ट्रीय पुस्तक सदन /205/04.03.2020/223/27.02.2020/11.03.2020 | 300.00 | 320.0954 मिश्रभ | B-734090 | 5 | 300.00 | Hindi Books | AAI(CSR) |
